Обеспечение технологической и конструктивной надежности систем трубопроводного транспорта нефти, нефтепродуктов и газа: [учебное пособие]

Podrobná bibliografie
Hlavní autor: Дейнеко С. В. Светлана Витальевна
Korporativní autor: Российский государственный университет нефти и газа им. И. М. Губкина (РГУ Нефти и Газа)
Shrnutí:Данная книга является учебным пособием по надежности газонефтепроводов, которое посвящено теории технологической и конструктивной надежности. В книге приводится подробное описание методологии оценки технологической надежности сложных систем газонефтепроводов на основе структурных моделей-схем надежности. Каждый этап методологии иллюстрируется практическими ерами, построенными на реальных статистических данных. Подробно описаны методики обработки статистических данных и построения моделей надежности основных объектов газонефтепроводов на основе разных способов компьютерного моделирования в среде MS Excel. Приводится анализ и классификация отказов газонефтепроводов. Рассматривается теория, критерии и показатели надежности невосстанавливаемых и восстанавливаемых систем, технические решения по обеспечению надежности объектов систем трубопроводного транспорта нефти, нефтепродуков и газа. Учебное пособие предназначено для студентов, магистрантов, аспирантов по направлению подготовки 21.04.01 "Нефтегазовое дело", для повышения квалификации сотрудников нефтегазовой отрасли, проходящих обучение по дополнительной профессиональной программе "Повышение эффективности и надежности эксплуатации систем трубопроводного транспорта нефти и газа", а также может быть использовано инженерно-техническим персоналом, связанным с оценкой эксплутационной надежности газонефтепроводов.
Jazyk:ruština
Vydáno: Москва, ЦентрЛитНефтегаз, 2019
Témata:
Médium: MixedMaterials Kniha
KOHA link:https://koha.lib.tpu.ru/cgi-bin/koha/opac-detail.pl?biblionumber=343074

MARC

LEADER 00000nam0a2200000 4500
001 343074
005 20231102005523.0
010 |a 9785902665724 
035 |a (RuTPU)RU\TPU\book\372825 
090 |a 343074 
100 |a 20190619d2019 m y0rusy50 ca 
101 0 |a rus 
102 |a RU 
105 |a a j 001zy 
200 1 |a Обеспечение технологической и конструктивной надежности систем трубопроводного транспорта нефти, нефтепродуктов и газа  |e [учебное пособие]  |f С. В. Дейнеко  |g Российский государственный университет нефти и газа им. И. М. Губкина (РГУ Нефти и Газа) 
210 |a Москва  |c ЦентрЛитНефтегаз  |d 2019 
215 |a 248 с.  |c ил. 
320 |a Библиогр.: с. 240-243 
330 |a Данная книга является учебным пособием по надежности газонефтепроводов, которое посвящено теории технологической и конструктивной надежности. В книге приводится подробное описание методологии оценки технологической надежности сложных систем газонефтепроводов на основе структурных моделей-схем надежности. Каждый этап методологии иллюстрируется практическими ерами, построенными на реальных статистических данных. Подробно описаны методики обработки статистических данных и построения моделей надежности основных объектов газонефтепроводов на основе разных способов компьютерного моделирования в среде MS Excel. Приводится анализ и классификация отказов газонефтепроводов. Рассматривается теория, критерии и показатели надежности невосстанавливаемых и восстанавливаемых систем, технические решения по обеспечению надежности объектов систем трубопроводного транспорта нефти, нефтепродуков и газа. Учебное пособие предназначено для студентов, магистрантов, аспирантов по направлению подготовки 21.04.01 "Нефтегазовое дело", для повышения квалификации сотрудников нефтегазовой отрасли, проходящих обучение по дополнительной профессиональной программе "Повышение эффективности и надежности эксплуатации систем трубопроводного транспорта нефти и газа", а также может быть использовано инженерно-техническим персоналом, связанным с оценкой эксплутационной надежности газонефтепроводов. 
606 1 |a Трубопроводы магистральные  |x Надежность  |2 stltpush  |3 (RuTPU)RU\TPU\subj\61797  |9 78960 
610 1 |a газонефтепроводы 
610 1 |a технологическая надежность 
610 1 |a конструктивная надежность 
610 1 |a отказы 
610 1 |a анализ 
610 1 |a классификация 
610 1 |a оценка 
610 1 |a структурные схемы 
610 1 |a невосстанавливаемые объекты 
610 1 |a восстанавливаемые объекты 
610 1 |a критерии 
610 1 |a данные 
610 1 |a обработка данных 
610 1 |a статистические модели 
610 1 |a теоретические модели 
610 1 |a построенные модели 
610 1 |a достоверность 
610 1 |a этап проектирования 
610 1 |a учебные пособия 
675 |a 622.692.4-192(075.8)  |v 4 
700 1 |a Дейнеко  |b С. В.  |g Светлана Витальевна 
712 0 2 |a Российский государственный университет нефти и газа им. И. М. Губкина (РГУ Нефти и Газа)  |c (Москва)  |c (1998- )  |2 stltpush  |3 (RuTPU)RU\TPU\col\408 
801 1 |a RU  |b 63413507  |c 20190619 
801 2 |a RU  |b 63413507  |c 20190910  |g RCR 
942 |c BK 
959 |a 8/20190619  |d 5  |e 995,00  |f УФ:4  |f ЧЗТЛ:1